[Event "GER Cup GrD Seniors 1st"]
[Site "Bad Blankenburg"]
[Date "2011.08.24"]
[Round "7"]
[White "Merbach, Manfred"]
[Black "Hermann, Armin"]
[Result "0-1"]
[WhiteElo "1532"]
[BlackElo "1518"]
[PlyCount "120"]
[EventDate "2011.08.18"]
[EventType "swiss"]
[EventRounds "7"]
[EventCountry "GER"]
[SourceTitle "CBM 144 Extra"]
[Source "ChessBase"]
[SourceDate "2011.10.28"]
[SourceVersion "1"]
[SourceVersionDate "2011.10.28"]
[SourceQuality "1"]

1. d4 d5 2. c4 e6 3. Nc3 Nf6 4. Nf3 c6 5. cxd5 exd5 6. Bg5 Be7 7. e3 Nbd7 8. Be2 0-0 9. 0-0 h6 10. Bxf6 Nxf6 11. Rc1 Bf5 12. Bd3 Bxd3 13. Qxd3 Re8 14. Ne2 Bd6 15. Ng3 Bxg3 16. hxg3 Rc8 17. Nd2 Qe7 18. Rfe1 Ne4 19. Nxe4 Qxe4 20. Qxe4 Rxe4 21. f3 Re7 22. Kf2 f5 23. b4 Kf7 24. f4 Rec7 25. Rh1 b6 26. Ke2 Ke6 27. Rc2 c5 28. bxc5 bxc5 29. Rhc1 Kd6 30. dxc5+ Rxc5 31. Rxc5 Rxc5 32. Rd1 Rc2+ 33. Rd2 Rxd2+ 34. Kxd2 Kc5 35. Kc3 a6 36. Kb3 g6 37. Kc3 a5 38. a3 Kb5 39. Kb3 a4+ 40. Kc3 Kc5 41. Kd3 g5 42. fxg5 hxg5 43. g4 fxg4 44. g3 Kd6 45. Kd4 Ke6 46. e4 dxe4 47. Kxe4 Kf6 48. Kd5 Kf5 49. Kd4 Kf6 50. Ke4 Ke6 51. Kd4 Kd6 52. Kc4 Ke5 53. Kd3 Kd5 54. Kc2 Ke4 55. Kd2 Kf3 56. Ke1 Kxg3 57. Kf1 Kf3 58. Kg1 Kg3 59. Kh1 Kf2 60. Kh2 g3+ 0-1

[Event "GER Cup GrD Seniors 1st"]
[Site "Bad Blankenburg"]
[Date "2011.08.22"]
[Round "5"]
[White "Helbig, Christoph"]
[Black "Merbach, Manfred"]
[Result "1/2-1/2"]
[WhiteElo "1645"]
[BlackElo "1532"]
[PlyCount "75"]
[EventDate "2011.08.18"]
[EventType "swiss"]
[EventRounds "7"]
[EventCountry "GER"]
[SourceTitle "CBM 144 Extra"]
[Source "ChessBase"]
[SourceDate "2011.10.28"]
[SourceVersion "1"]
[SourceVersionDate "2011.10.28"]
[SourceQuality "1"]

1. Nf3 d5 2. c4 d4 3. c5 Nc6 4. Qa4 Bd7 5. Nxd4 Nxd4 6. Qxd4 Bc6 7. Qxd8+ Rxd8 8. b4 e5 9. Bb2 f6 10. Nc3 Ne7 11. b5 Bd5 12. Nxd5 Nxd5 13. Rc1 c6 14. e4 Nb4 15. bxc6 bxc6 16. Rc3 Nxa2 17. Ra3 Nb4 18. Rxa7 Bxc5 19. Rxg7 Rd7 20. Rg3 Rb7 21. Bc3 Nc2+ 22. Kd1 Nd4 23. Bd3 Nb5 24. Rf3 Nxc3+ 25. dxc3 Ra7 26. Rf1 Ra1+ 27. Kd2 Rxf1 28. Bxf1 Rf8 29. Ba6 Kd7 30. Rd3+ Kc7 31. f3 Rg8 32. g4 Rd8 33. Bc4 Bg1 34. h4 h6 35. Rxd8 Kxd8 36. Bf7 Ke7 37. Bg6 Bf2 38. h5 1/2-1/2

[Event "Thueringen-ch Seniors 5th"]
[Site "Bad Frankenhausen"]
[Date "2006.05.16"]
[Round "5"]
[White "Merbach, Manfred"]
[Black "Jackl, Guenter"]
[Result "0-1"]
[WhiteElo "1550"]
[BlackElo "1913"]
[PlyCount "110"]
[EventDate "2006.05.13"]
[EventType "swiss"]
[EventRounds "7"]
[EventCountry "GER"]
[SourceTitle "EXT 2007"]
[Source "ChessBase"]
[SourceDate "2006.11.23"]
[SourceVersion "1"]
[SourceVersionDate "2006.11.23"]
[SourceQuality "1"]

1. d4 d5 2. Nc3 Nf6 3. Bg5 e6 4. Nf3 Be7 5. e3 h6 6. Bxf6 Bxf6 7. Bd3 c5 8. 0-0 Nc6 9. dxc5 Bxc3 10. bxc3 e5 11. Be2 0-0 12. Ne1 Be6 13. Nd3 Qa5 14. Qe1 e4 15. Nf4 Qxc5 16. Rb1 b6 17. Rb5 Qa3 18. Qa1 Ne7 19. Qb2 Qxb2 20. Rxb2 Rac8 21. Rb3 g5 22. Nxe6 fxe6 23. f4 exf3 24. Bxf3 Nc6 25. Rbb1 Ne5 26. Rb3 Kg7 27. Be2 Rxf1+ 28. Bxf1 Ng4 29. c4 dxc4 30. Rc3 b5 31. Ra3 Rc7 32. h3 b4 33. Ra6 Nxe3 34. Rxe6 Nxc2 35. Re4 Na3 36. Kf2 c3 37. Re1 Rf7+ 38. Kg1 Rd7 39. g4 Rc7 40. Rc1 a5 41. Bd3 Nc4 42. Kf2 Nd2 43. Bc2 Re7 44. Kg2 Re2+ 45. Kg3 Kf6 46. h4 Re3+ 47. Kf2 Rf3+ 48. Kg2 Rf4 49. hxg5+ hxg5 50. Bf5 a4 51. Kg3 Rxf5 52. gxf5 Kxf5 53. Kf2 b3 54. axb3 axb3 55. Rxc3 Ne4+ 0-1